• 首页
  • 本馆介绍
  • 公告通知
  • 最新文献
  • 馆藏检索
  • 电子资源
  • 读者导购
  • 参考咨询
  • 我的图书馆
  • 登录
  • 详细信息显示
  • 放入我的书架
  • 预约/预借图书
  • 作者相关作品
  • 分类相关作品
  • 丛书相关作品
  • 出版社相关作品

书目信息

  • 表格格式
  • 工作单格式
  • 卡片格式
题名:
今日长江
    
 
作者: ;长江流域规划办公室 编
分册:  
出版信息: 北京   水利电力出版社  1985
页数: 156页
开本: 19cm
丛书名:
单 册:
中图分类: TV213.2
科图分类:
主题词: 水利资源开发
电子资源:
ISBN:
000 00660nam0 2200241 45
001 0185010135
005 20040514090515.7
010    @dCNY1.45
091    @a7143.5741
100    @a19901008d1985 emky0chiy0121 ea
101 0  @achi
102    @aCN@b110000
105    @ay z 000yy
106    @ar
200 10 @a今日长江@Ajin ri chang jiang@f长江流域规划办公室编
210    @a北京@c水利电力出版社@d1985
215    @a156页@d19cm
606 0  @a水利资源开发
690    @aTV213.2
711 02 @a长江流域规划办公室@Achang jiang liu yu gui hua ban gong shi@4编
801  0 @aCN@b深圳图书馆@c20040514
801  2 @aCN@bNLC@c20040514
905    @f1@b157229@dTV213.2@e4
    
    今日长江/长江流域规划办公室编.-北京:水利电力出版社,1985
    156页;19cm
    
    
    ISBN :CNY1.45
    
●
相关链接 在E读中查询图书 在五车中查询图书 在当当中查询图书 在豆瓣中查询图书


正题名:今日长江     索取号:TV213.2/4         预约/预借

序号 登录号 条形码 馆藏地/架位号 状态 备注
1 0157229   001483996   第三借阅区/ [索取号:TV213.2/4] 在馆    
唐山师范学院图书馆 欢迎您!
大连网信软件有限公司© 版权所有